[Event "Druzynowe Mistrzostwa Polski w Szachach I LIGA 2021"]
[Site "Szklarska Poreba"]
[Date "1899-12-30"]
[Round "7.71"]
[White "Warchol, Bartosz"]
[Black "Kanarkiewicz, Michal"]
[Result "1/2-1/2"]
[WhiteTitle "I++"]
[BlackTitle "k"]
[WhiteElo "1897"]
[BlackElo "2046"]

1. d4 Nf6 2. c4 g6 3. Nf3 Bg7 4. g3 O-O 5. Bg2 d6 6. O-O Nc6 7. Nc3 Bg4 8. h3 Bxf3
9. Bxf3 Nd7 10. e3 e5 11. d5 Ne7 12. e4 f5 13. Bg2 Nf6 14. Bd2 Nxe4 15. Nxe4 fxe4
16. Bxe4 Nf5 17. Rc1 a5 18. Qe2 b6 19. Qd3 Qd7 20. Kg2 Rf7 21. Be3 Raf8 22. b3
Qe7 23. a3 Qf6 24. b4 axb4 25. axb4 Bh6 26. Bxh6 Nxh6 27. c5 bxc5 28. bxc5 Nf5
29. Bxf5 Qxf5 30. Qxf5 Rxf5 31. cxd6 cxd6 32. Rc2 Ra8 33. Rb1 Ra5 34. Rb7 Rf7
35. Rb8+ Rf8 36. Rb7 Rf7 37. Rb8+ Kg7 38. Rd2 Kf6 39. Rd8 Ke7 40. Rb8 Kf6 41.
Rd8 Ke7 42. Rb8 Kf6 43. Rd8 1/2-1/2

[Event "Druzynowe Mistrzostwa Polski w Szachach I LIGA 2021"]
[Site "Szklarska Poreba"]
[Date "1899-12-30"]
[Round "7.72"]
[White "Kasperek, Joanna"]
[Black "Dylag, Emilia"]
[Result "1/2-1/2"]
[WhiteTitle "k++"]
[BlackTitle "WFM"]
[WhiteElo "2053"]
[BlackElo "2065"]

1. e4 e5 2. Nf3 Nc6 3. Nc3 Nf6 4. d4 exd4 5. Nxd4 Bb4 6. Nxc6 bxc6 7. Bd3 d5 8.
exd5 cxd5 9. O-O O-O 10. Bg5 c6 11. Na4 h6 12. Bh4 Be6 13. c3 Bd6 14. b4 Re8 15.
Re1 a5 16. a3 axb4 17. axb4 g5 18. Bg3 Bxg3 19. hxg3 Bd7 20. Nc5 Rxe1+ 21. Qxe1
Rxa1 22. Qxa1 Qe7 23. c4 dxc4 24. Bxc4 Bf5 25. Qd1 Qe5 26. Be2 Nd5 27. g4 Bg6
28. Bf3 Qc3 29. Qe2 Qxb4 30. Qe8+ Kh7 31. Bxd5 Qxc5 32. Qxc6 Qb4 33. Qf6 Qe1+
34. Kh2 Qe8 35. g3 Qd7 1/2-1/2

[Event "Druzynowe Mistrzostwa Polski w Szachach I LIGA 2021"]
[Site "Szklarska Poreba"]
[Date "1899-12-30"]
[Round "7.73"]
[White "Niekras, Dawid"]
[Black "Lubczynski, Rafal"]
[Result "1/2-1/2"]
[WhiteTitle "FM"]
[BlackTitle "IM"]
[WhiteElo "2286"]
[BlackElo "2429"]

1. e4 d6 2. d4 Nf6 3. Nc3 e5 4. Nf3 Nbd7 5. Rg1 g6 6. g4 Bg7 7. g5 Nh5 8. Be3 O-O
9. Qd2 c6 10. O-O-O Qa5 11. Kb1 Re8 12. d5 Bf8 13. h4 Nb6 14. Nh2 cxd5 15. exd5
Bf5 16. Nb5 Qxd2 17. Rxd2 Rec8 18. b3 Nf4 19. Bxf4 exf4 20. Ng4 Bxg4 21. Rxg4
a6 22. Na3 Re8 23. Rd1 Bg7 24. c4 Be5 25. Nc2 Nd7 26. Ne1 f5 27. Rg1 Bd4 28. Nd3
f3 29. Rg3 Re4 30. h5 Rae8 31. hxg6 hxg6 32. Rxf3 Rg4 33. Rf4 Re4 34. Rxg4 Rxg4
35. f3 Rxg5 36. Nf4 Bf6 37. Ne6 Rg1 38. b4 b6 39. c5 bxc5 40. bxc5 dxc5 41. Kc2
Kf7 42. Bxa6 Rxd1 43. Kxd1 Ke7 44. Bb5 Nb6 1/2-1/2

[Event "Druzynowe Mistrzostwa Polski w Szachach I LIGA 2021"]
[Site "Szklarska Poreba"]
[Date "1899-12-30"]
[Round "7.74"]
[White "Chojnacki, Krzysztof"]
[Black "Zakrzewski, Marek"]
[Result "1-0"]
[WhiteTitle "IM"]
[BlackTitle "FM"]
[WhiteElo "2377"]
[BlackElo "2273"]

1. d4 d5 2. c4 c6 3. cxd5 cxd5 4. Nc3 Nf6 5. Bf4 Nc6 6. e3 a6 7. Rc1 Bf5 8. Nf3
Rc8 9. Be2 e6 10. O-O Bd6 11. Bxd6 Qxd6 12. Na4 O-O 13. Nc5 Rc7 14. Qb3 Qe7 15.
Rc3 Bg4 16. Rfc1 Ne4 17. R3c2 Bxf3 18. Bxf3 Nxc5 19. Rxc5 Rcc8 20. Be2 Ra8 21.
h3 g6 22. Qc3 Rfc8 23. a3 Qd8 24. Qb3 Na5 25. Qb4 Rxc5 26. Rxc5 b6 27. Rc3 b5
28. a4 bxa4 29. Qxa4 Qb6 30. b4 Nc4 31. Bxc4 Rc8 32. Qd7 Qc6 33. Qxc6 Rxc6 34.
Kf1 dxc4 35. Ke2 Kf8 36. Kd2 Ke7 37. Ra3 Kd6 38. Kc3 Kc7 39. Ra5 Kb6 40. g4 h6
41. h4 Rc8 42. Rc5 Rf8 43. Kxc4 Rd8 44. Kd3 f5 45. g5 hxg5 46. hxg5 Kb7 47. f3
Rd6 48. e4 fxe4+ 49. fxe4 Rb6 50. Kc4 Rd6 51. e5 Rd8 52. d5 exd5+ 53. Rxd5 Rf8
54. e6 Kc6 55. e7 Re8 56. Re5 Kd6 57. Kd4 Kc6 58. Re6+ Kd7 59. Kd5 Kc7 60. Rxa6
1-0

[Event "Druzynowe Mistrzostwa Polski w Szachach I LIGA 2021"]
[Site "Szklarska Poreba"]
[Date "1899-12-30"]
[Round "7.75"]
[White "Selbes, Tarik"]
[Black "Raczynski, Krzysztof"]
[Result "1/2-1/2"]
[WhiteTitle "FM"]
[BlackTitle "k+"]
[WhiteElo "2260"]
[BlackElo "2193"]

1. b3 Nf6 2. Bb2 g6 3. g3 Bg7 4. Bg2 O-O 5. Nf3 d6 6. d4 Nbd7 7. O-O e5 8. dxe5
Ng4 9. Qc1 Ngxe5 10. c4 Nc5 11. Nxe5 Bxe5 12. Bxe5 dxe5 13. Nc3 c6 14. Rd1 Qe7
15. Qa3 Re8 16. Na4 Ne6 17. Qxe7 Rxe7 18. Rd6 Rd7 19. Rad1 Rxd6 20. Rxd6 Kf8 21.
b4 Ke7 22. Rd2 Bd7 23. e3 Rd8 24. f4 exf4 25. gxf4 Bc8 26. Rxd8 Nxd8 27. c5 Be6
28. Nc3 Bc4 29. a3 f5 30. Kf2 Ne6 31. Kg3 Kf6 32. h4 h6 33. e4 Nd4 34. e5+ Kf7
35. a4 a5 36. b5 Nb3 37. bxc6 bxc6 38. Bxc6 Nxc5 39. Kf2 g5 40. hxg5 hxg5 41.
Ke3 Ne6 42. fxg5 Kg6 43. Nb5 Kxg5 44. Nd6 Bb3 45. Nb7 f4+ 46. Kf2 Kf5 47. Nxa5
Ba2 48. Nb7 Kxe5 49. a5 Bc4 50. Bd7 Nc7 51. Bg4 Kd4 52. Nd6 Ba6 1/2-1/2

[Event "Druzynowe Mistrzostwa Polski w Szachach I LIGA 2021"]
[Site "Szklarska Poreba"]
[Date "1899-12-30"]
[Round "7.76"]
[White "Wojdak, Jan"]
[Black "Hemmerling, Jaroslaw"]
[Result "1-0"]
[WhiteTitle "I++"]
[BlackTitle "I++"]
[WhiteElo "2185"]
[BlackElo "1935"]

1. e4 e5 2. Nf3 Nf6 3. Nxe5 d6 4. Nf3 Nxe4 5. Bd3 Nf6 6. O-O Be7 7. c3 O-O 8. Bc2
Bg4 9. d4 Nbd7 10. Nbd2 Re8 11. Re1 d5 12. Nf1 Bd6 13. Be3 Ne4 14. Bc1 Ndf6 15.
Ne3 Bh5 16. Nf5 Bf8 17. Bf4 Qd7 18. Ng3 Nxg3 19. hxg3 Bd6 20. Qd2 Bxf3 21. gxf3
Bxf4 22. Qxf4 Rxe1+ 23. Rxe1 Re8 24. Re5 Rxe5 25. dxe5 Ne8 26. Qe3 b6 27. f4 g6
28. Qf3 Qe6 29. g4 Ng7 30. Qg3 Kf8 31. Qh4 Kg8 32. f3 c6 33. Qd8+ Ne8 34. Qb8
f6 35. Kf2 Qe7 36. exf6 Qc5+ 37. Ke2 Kf7 38. Qxa7+ Kxf6 39. Qxh7 Qb5+ 40. Kd2
Qxb2 41. Qd7 1-0

[Event "Druzynowe Mistrzostwa Polski w Szachach I LIGA 2021"]
[Site "Szklarska Poreba"]
[Date "1899-12-30"]
[Round "7.77"]
[White "Bajerlein, Dawid"]
[Black "Bardeli, Lukasz"]
[Result "1/2-1/2"]
[WhiteTitle "k+"]
[BlackTitle "FM"]
[WhiteElo "2036"]
[BlackElo "2178"]

1. d4 Nf6 2. c4 d6 3. Nf3 Nbd7 4. Nc3 e5 5. g3 Be7 6. Bg2 O-O 7. O-O c6 8. e4 a6
9. Qc2 b5 10. b3 Qc7 11. h3 Bb7 12. Be3 Rfc8 13. Rac1 a5 14. Rfd1 bxc4 15. bxc4
exd4 16. Nxd4 Ba6 17. Nf5 Bf8 18. Na4 Re8 19. c5 dxc5 20. Nxc5 Nxc5 21. Bxc5 Bxc5
22. Qxc5 Nxe4 23. Qxc6 Qxc6 24. Rxc6 Nf6 25. Rc7 Rad8 26. Rxd8 Rxd8 27. Ra7 Bc4
28. Rxa5 Rd1+ 29. Kh2 Rd8 30. g4 g6 31. Ne3 Bd3 32. Nd5 Rd6 33. Nxf6+ Rxf6 34.
Kg3 h6 35. h4 Kf8 36. g5 hxg5 37. hxg5 Rb6 38. Bd5 Ba6 39. Kf4 Ke7 40. Ke5 f6+
41. gxf6+ Rxf6 42. f4 Rf5+ 43. Ke4 Bf1 44. Ra7+ Kd6 45. Bb3 Bg2+ 46. Ke3 g5 47.
Ra6+ Kc7 48. fxg5 Rxg5 49. Rf6 Bd5 50. Kd4 Bxb3 51. axb3 Rg4+ 52. Kc5 Rg5+ 53.
Kc4 Kb7 54. Rd6 Rg4+ 55. Kb5 Rg5+ 56. Ka4 Rg4+ 57. b4 Rg5 58. Rh6 Rf5 59. Rh7+
Kb6 60. Rg7 Rh5 61. Rg8 Rf5 62. Rb8+ Ka7 63. Rb5 Rxb5 64. Kxb5 Kb7 65. Ka5 Ka7
66. Kb5 Kb7 67. Kc5 Kc7 68. b5 Kb7 69. b6 Kb8 70. Kb4 Kb7 71. Ka5 Kb8 72. Ka6
Ka8 73. Kb5 Kb7 74. Kc5 Kb8 75. Kc6 Kc8 76. b7+ Kb8 77. Kb6 1/2-1/2

[Event "Druzynowe Mistrzostwa Polski w Szachach I LIGA 2021"]
[Site "Szklarska Poreba"]
[Date "1899-12-30"]
[Round "7.78"]
[White "Szelag, Zuzanna"]
[Black "Debowiak, Arleta"]
[Result "1-0"]
[WhiteTitle "k"]
[BlackTitle "k+"]
[WhiteElo "1839"]
[BlackElo "1898"]

1. e4 d6 2. d4 Nf6 3. Nc3 g6 4. g3 Bg7 5. Bg2 O-O 6. Nge2 c5 7. d5 Na6 8. O-O Bd7
9. a4 Nc7 10. Qd3 b6 11. f4 Rb8 12. Nd1 a6 13. c4 b5 14. cxb5 axb5 15. a5 b4 16.
Ne3 Bb5 17. Qc2 Ba6 18. Rf2 Re8 19. g4 e6 20. g5 Nh5 21. dxe6 Nxe6 22. Ng4 Bb7
23. Qd3 Ra8 24. a6 Bc6 25. Nh6+ Kf8 26. f5 gxf5 27. Rxf5 Ra7 28. Qf3 Nf6 29. gxf6
Bh8 30. Qg4 Bxf6 31. Qg8+ Ke7 32. Qxf7# 1-0

[Event "Druzynowe Mistrzostwa Polski w Szachach I LIGA 2021"]
[Site "Szklarska Poreba"]
[Date "1899-12-30"]
[Round "8.1"]
[White "Tomczak, Jacek"]
[Black "Niedbala, Bartlomiej"]
[Result "1-0"]
[WhiteTitle "GM"]
[BlackTitle "FM"]
[WhiteElo "2589"]
[BlackElo "2380"]

1. e4 c6 2. Nc3 d5 3. Nf3 Bg4 4. h3 Bxf3 5. Qxf3 e6 6. Be2 Bc5 7. O-O Nd7 8. b4
Bxb4 9. Rb1 Bc5 10. Qg3 Ne7 11. Rxb7 O-O 12. Na4 dxe4 13. Qc7 Nd5 14. Qxd7 Qa5
15. Qxc6 1-0

[Event "Druzynowe Mistrzostwa Polski w Szachach I LIGA 2021"]
[Site "Szklarska Poreba"]
[Date "1899-12-30"]
[Round "8.2"]
[White "Suder, Jakub"]
[Black "Laurusas, Tomas"]
[Result "0-1"]
[WhiteTitle "FM"]
[BlackTitle "IM"]
[WhiteElo "2339"]
[BlackElo "2574"]

1. c4 e6 2. Nc3 Nf6 3. d4 Bb4 4. Qb3 a5 5. Nf3 d6 6. Bd2 O-O 7. g3 b6 8. Bg2 Bb7
9. O-O Nbd7 10. a3 Bxc3 11. Bxc3 a4 12. Qc2 Be4 13. Qc1 Qb8 14. Qf4 Qb7 15. Rac1
Rfe8 16. g4 e5 17. Qg3 exd4 18. Bxd4 Bc6 19. Rfe1 Ra5 20. h4 Re4 21. Bh3 Ra8 22.
e3 Ree8 23. Nd2 Ne4 24. Nxe4 Bxe4 25. f3 Bxf3 26. Rf1 Be4 27. Qf4 Re7 28. h5 Ne5
29. h6 Rae8 30. Qg5 Bg6 31. Bg2 Qc8 32. Rf5 Nxg4 33. Rcf1 Nxh6 34. R5f4 c5 35.
Bc3 Rxe3 36. Bd5 Qh3 37. Bf3 Nf5 38. Bg2 Rg3 0-1

[Event "Druzynowe Mistrzostwa Polski w Szachach I LIGA 2021"]
[Site "Szklarska Poreba"]
[Date "1899-12-30"]
[Round "8.3"]
[White "Warakomski, Tomasz"]
[Black "Czerw, Dawid"]
[Result "1-0"]
[WhiteTitle "GM"]
[BlackTitle "FM"]
[WhiteElo "2513"]
[BlackElo "2413"]

1. e4 c5 2. Nf3 d6 3. d4 cxd4 4. Nxd4 Nf6 5. Nc3 Nc6 6. Bc4 Qb6 7. Nb3 e6 8. Bf4
Ne5 9. Be2 Bd7 10. Qd2 Be7 11. O-O-O O-O 12. g4 Bc6 13. f3 Qc7 14. Bg3 b5 15.
Nd4 a6 16. g5 Nfd7 17. f4 Nc4 18. Bxc4 bxc4 19. f5 Nc5 20. f6 Bxe4 21. Rhe1 Bg6
22. fxe7 Rfc8 23. Nf3 e5 24. Qxd6 1-0

[Event "Druzynowe Mistrzostwa Polski w Szachach I LIGA 2021"]
[Site "Szklarska Poreba"]
[Date "1899-12-30"]
[Round "8.4"]
[White "Redzisz, Michal"]
[Black "Kantans, Toms"]
[Result "0-1"]
[WhiteTitle "FM"]
[BlackTitle "GM"]
[WhiteElo "2219"]
[BlackElo "2481"]

1. d4 Nf6 2. Nf3 e6 3. c4 Bb4+ 4. Nbd2 O-O 5. g3 b6 6. Bg2 Bb7 7. O-O a5 8. Qc2
d5 9. Rd1 Na6 10. a3 Be7 11. b3 c5 12. Bb2 Rc8 13. Rac1 Qc7 14. Qb1 Rfe8 15. Qa1
Qb8 16. Ne5 dxc4 17. Bxb7 Qxb7 18. Ndxc4 Red8 19. Rd3 h5 20. Rcd1 Rd5 21. Ne3
Rdd8 22. N3c4 Qc7 23. Ne3 cxd4 24. Rxd4 Rxd4 25. Bxd4 b5 26. a4 Qb7 27. axb5 Qxb5
28. N3c4 Qxb3 29. Rd3 Qb4 30. Bc3 Qb5 31. Qxa5 Qb1+ 32. Kg2 Nc5 33. Nd6 Bxd6 34.
Rxd6 Nb7 35. Qb6 Qe4+ 36. Nf3 Rxc3 37. Rd4 Qc6 38. Qa7 Qc8 39. Rb4 Rc7 40. Qd4
Rd7 41. Qh4 Nd6 42. Ne5 Nf5 43. Qg5 Rb7 44. Rc4 Rc7 45. Ra4 Rc5 46. Nd3 0-1

[Event "Druzynowe Mistrzostwa Polski w Szachach I LIGA 2021"]
[Site "Szklarska Poreba"]
[Date "1899-12-30"]
[Round "8.5"]
[White "Schippers, Maurice"]
[Black "Galuszka, Tomasz"]
[Result "1-0"]
[WhiteTitle "FM"]
[BlackTitle "k+"]
[WhiteElo "2285"]
[BlackElo "2212"]

1. e4 c6 2. d4 d5 3. exd5 cxd5 4. c4 Nf6 5. Nc3 e6 6. Nf3 Bb4 7. cxd5 Nxd5 8. Bd2
Nc6 9. Bd3 O-O 10. O-O Be7 11. Re1 Nf6 12. Bg5 h6 13. Bf4 Nb4 14. Bb1 Nbd5 15.
Be5 Bd7 16. a3 Rc8 17. Qd3 g6 18. Qd2 Kh7 19. Ne2 Be8 20. h4 Nh5 21. Ng3 Nxg3
22. Bxg3 h5 23. Re5 f5 24. Ba2 Bf7 25. Bxd5 exd5 26. Rae1 Bf6 27. Bf4 Qb6 28.
R5e2 Kg8 29. Be5 Rfd8 30. Qh6 Bxe5 31. Rxe5 Qf6 32. Ng5 Rc6 33. Re7 1-0

[Event "Druzynowe Mistrzostwa Polski w Szachach I LIGA 2021"]
[Site "Szklarska Poreba"]
[Date "1899-12-30"]
[Round "8.6"]
[White "Adamczyk, Zuzanna"]
[Black "Warakomska, Anna"]
[Result "1/2-1/2"]
[WhiteTitle "WCM"]
[BlackTitle "WGM"]
[WhiteElo "2055"]
[BlackElo "2279"]

1. d4 d5 2. c4 c6 3. cxd5 cxd5 4. Bf4 Nc6 5. Nc3 Nf6 6. e3 a6 7. Bd3 Bg4 8. Nge2
e6 9. a3 Be7 10. O-O O-O 11. Rc1 Rc8 12. Na4 Nd7 13. Bg3 b5 14. f3 Bh5 15. Nac3
Bg6 16. Nf4 Na5 17. Nxg6 hxg6 18. Na2 Nb6 19. Rxc8 Qxc8 20. Qe2 Nac4 21. Rc1 Qa8
22. Bc7 Rc8 23. Bxb6 Nxb6 24. Rxc8+ Qxc8 25. Qd2 Nc4 26. Qc1 Qb7 27. Bxc4 dxc4
28. Qc3 Qc7 29. g3 a5 30. Kf2 Qb6 31. Ke2 g5 32. Qc2 Qb7 33. Qe4 Qxe4 34. fxe4
b4 35. axb4 axb4 36. e5 c3 37. b3 g4 38. Kd3 Kf8 39. Ke4 g5 1/2-1/2

[Event "Druzynowe Mistrzostwa Polski w Szachach I LIGA 2021"]
[Site "Szklarska Poreba"]
[Date "1899-12-30"]
[Round "8.7"]
[White "Sieciechowicz, Marcin"]
[Black "Kovalenko, Igor"]
[Result "1/2-1/2"]
[WhiteTitle "IM"]
[BlackTitle "GM"]
[WhiteElo "2362"]
[BlackElo "2651"]

1. d4 Nf6 2. Bf4 b6 3. e3 Bb7 4. Nf3 g6 5. Be2 Bg7 6. O-O O-O 7. h3 d6 8. c3 Nbd7
9. Nbd2 Re8 10. a4 a6 11. Bh2 e5 12. b4 Qe7 13. Qb3 h5 14. Rfd1 Nh7 15. Rac1 Rac8
16. a5 b5 17. dxe5 d5 18. Qa3 c5 19. Nb3 Nhf8 20. Nxc5 Nxc5 21. bxc5 Nd7 22. e6
Qxe6 23. Nd4 Qf6 24. c6 Bxc6 25. Qd6 Bf8 26. Qxf6 Nxf6 27. Nxc6 Rxc6 28. Bf3 Rc5
29. Kf1 Ne4 30. Bxe4 Rxe4 31. f3 Re6 32. Bg1 b4 33. cxb4 Rxc1 34. Rxc1 Bxb4 35.
Rd1 Rc6 36. Bh2 Bxa5 37. Rxd5 Rc1+ 38. Ke2 Rc2+ 39. Kf1 Rc1+ 40. Ke2 Rc2+ 41.
Kf1 Bb6 42. Be5 Kf8 43. Bd4 Bxd4 44. Rxd4 Ke7 45. Re4+ Kd6 46. Rf4 Ke6 47. Ra4
Rc6 48. g4 hxg4 49. hxg4 Kd5 50. Ke2 Kc5 51. Kd3 Kb5 52. Ra1 a5 53. Rb1+ Kc5 54.
Rc1+ Kd6 55. Ra1 Rc5 56. f4 Rb5 57. g5 Kc5 58. Ke4 Kc6 59. Kd4 Kb6 60. Ke4 Kc6
61. Kd4 Kd6 62. Kc4 Rc5+ 63. Kd4 Rd5+ 64. Kc4 Kc6 65. Ra2 Rb5 66. Kd4 Rf5 67.
Kc4 Rc5+ 68. Kd4 Kb6 69. Ra1 Rb5 70. Ra2 Ka6 71. Ra1 Rf5 72. Kc4 Rb5 73. Kd4 Ka7
74. Ra2 Kb6 75. Ra1 Ka6 76. Ra2 Rf5 77. Kc4 Kb6 78. Ra1 Rb5 79. Kd4 Rc5 80. Rb1+
Kc6 81. Ra1 Rb5 82. Rc1+ Kd7 83. Ra1 Kd6 84. Ra2 Ke6 85. Kc4 Rb4+ 86. Kc3 Rb5
87. Kc4 Rb4+ 88. Kc3 Rb5 1/2-1/2

[Event "Druzynowe Mistrzostwa Polski w Szachach I LIGA 2021"]
[Site "Szklarska Poreba"]
[Date "1899-12-30"]
[Round "8.8"]
[White "Neiksans, Arturs"]
[Black "Reza, Wojciech"]
[Result "1-0"]
[WhiteTitle "GM"]
[BlackTitle "FM"]
[WhiteElo "2565"]
[BlackElo "2259"]

1. e4 c5 2. Nf3 d6 3. Bb5+ Nd7 4. d4 cxd4 5. Qxd4 a6 6. Bxd7+ Bxd7 7. Nc3 Rc8 8.
O-O e5 9. Qd3 h6 10. Rd1 Nf6 11. Nd2 b5 12. Nf1 Bg4 13. f3 Be6 14. Be3 Be7 15.
a3 O-O 16. Bf2 Qc7 17. Ne3 Rfd8 18. Qe2 Qb7 19. Ncd5 Nxd5 20. Nxd5 Rc6 21. c3
Bf8 22. a4 bxa4 23. Rxa4 Qb5 24. Qc2 Rc4 25. Ra3 Rb8 26. b3 Bxd5 27. Rxd5 Qb4
28. Ra4 Qxb3 29. Qxb3 Rxb3 30. Rxc4 Rb1+ 31. Be1 Rxe1+ 32. Kf2 Ra1 33. Rc8 Ra2+
34. Kg3 1-0

[Event "Druzynowe Mistrzostwa Polski w Szachach I LIGA 2021"]
[Site "Szklarska Poreba"]
[Date "1899-12-30"]
[Round "8.9"]
[White "Plichta, Kamil"]
[Black "Kolosowski, Mateusz"]
[Result "1/2-1/2"]
[WhiteTitle "FM"]
[BlackTitle "IM"]
[WhiteElo "2396"]
[BlackElo "2448"]

1. e4 e5 2. Nf3 Nc6 3. Bb5 a6 4. Bxc6 dxc6 5. O-O Bg4 6. h3 h5 7. d3 Qf6 8. Nbd2
g5 9. hxg4 hxg4 10. Re1 gxf3 11. Qxf3 Qxf3 12. Nxf3 f6 13. Be3 c5 14. g3 b6 15.
c3 Rd8 16. Rad1 Rh7 17. Kf1 Rhd7 18. Ke2 Ne7 19. Nh2 Kf7 20. Ng4 Ke6 21. Rh1 Nc6
22. Bc1 Ne7 23. Ne3 Nc8 24. f4 gxf4 25. gxf4 exf4 26. Nd5 Bd6 27. Rh6 Rf7 28.
Rg1 Ne7 29. Nxf4+ Kd7 30. Ng6 Rg8 31. Be3 f5 32. Nxe7 Rxg1 33. Bxg1 Rxe7 34. Rh4
c4 35. Bf2 1/2-1/2

[Event "Druzynowe Mistrzostwa Polski w Szachach I LIGA 2021"]
[Site "Szklarska Poreba"]
[Date "1899-12-30"]
[Round "8.10"]
[White "Sabuk, Piotr"]
[Black "Budrewicz, Krzysztof"]
[Result "1-0"]
[WhiteTitle "IM"]
[BlackTitle "m"]
[WhiteElo "2393"]
[BlackElo "2188"]

1. d4 Nf6 2. c4 g6 3. Nc3 Bg7 4. e4 d6 5. Nf3 O-O 6. Be2 e5 7. O-O Na6 8. Be3 Ng4
9. Bg5 f6 10. Bc1 Nh6 11. Rb1 Nf7 12. b4 c6 13. b5 Nc7 14. bxc6 bxc6 15. dxe5
fxe5 16. Qa4 Qe8 17. c5 d5 18. Qa5 Qe7 19. exd5 cxd5 20. Ba3 Qd8 21. Rfd1 d4 22.
c6 Re8 23. Nb5 Nd5 24. c7 Qd7 25. Bc4 Nb6 26. Bb3 Re6 27. Bxe6 Qxe6 28. Nxa7 Nc4
29. Rb8 Nxa5 30. Rxa8 1-0

[Event "Druzynowe Mistrzostwa Polski w Szachach I LIGA 2021"]
[Site "Szklarska Poreba"]
[Date "1899-12-30"]
[Round "8.11"]
[White "Renkowski, Piotr"]
[Black "Dubinski, Mateusz"]
[Result "1-0"]
[WhiteTitle "k+"]
[BlackTitle "FM"]
[WhiteElo "2178"]
[BlackElo "2223"]

1. d4 Nf6 2. c4 g6 3. Nc3 Bg7 4. e4 d6 5. f3 O-O 6. Be3 c5 7. Nge2 Qa5 8. Nc1 cxd4
9. Nb3 Qh5 10. Nxd4 Nc6 11. Be2 Nxd4 12. Bxd4 Qg5 13. Kf2 Be6 14. Be3 Qe5 15.
Rc1 a6 16. Qd2 Rfc8 17. Bf4 Qa5 18. Nd5 Qxd2 19. Bxd2 Bxd5 20. cxd5 Nd7 21. Ke3
Bxb2 22. Rxc8+ Rxc8 23. Rb1 Ba3 24. Rxb7 Ne5 25. Bd3 Kf8 26. Ke2 Nxd3 27. Kxd3
Bc5 28. g4 f6 29. Ba5 g5 30. a4 Ke8 31. Bb6 a5 32. Rc7 Rb8 33. Bxc5 dxc5 34. Rxc5
Rb2 35. Rxa5 Rxh2 36. Ra7 h5 37. gxh5 Rxh5 38. a5 Rh3 39. Ke2 Rh2+ 40. Ke3 Ra2
41. a6 Ra4 42. Ra8+ Kf7 43. a7 Kg7 44. Kd3 Kh7 45. Ke2 g4 46. Kf2 gxf3 47. Kxf3
Kg7 48. Kf4 Ra1 49. Kf5 Ra4 50. Ke6 Rxe4+ 51. Kd7 Ra4 52. Kxe7 f5 53. d6 1-0

[Event "Druzynowe Mistrzostwa Polski w Szachach I LIGA 2021"]
[Site "Szklarska Poreba"]
[Date "1899-12-30"]
[Round "8.12"]
[White "Toma, Katarzyna"]
[Black "Dwilewicz, Katarzyna"]
[Result "1-0"]
[WhiteTitle "WGM"]
[BlackTitle "WFM"]
[WhiteElo "2289"]
[BlackElo "2092"]

1. e4 c5 2. Nf3 e6 3. d3 Nc6 4. g3 Nf6 5. Bg2 d5 6. Qe2 Be7 7. O-O b6 8. e5 Nd7
9. h4 Qc7 10. Bf4 O-O 11. Nbd2 Bb7 12. c4 d4 13. Rae1 Rae8 14. Nh2 a6 15. Ng4
Kh8 16. Ne4 Qd8 17. Ng5 Ba8 18. Be4 Bxg5 19. hxg5 Ne7 20. f3 Ng6 21. Qh2 Bxe4
22. fxe4 f5 23. gxf6 gxf6 24. Qh5 Nxf4 25. Rxf4 fxe5 26. Nxe5 Rxf4 27. Ng6+ Kg7
28. Nxf4 Nf8 29. Qe5+ Kg8 30. Nh5 Ng6 31. Qg7# 1-0

[Event "Druzynowe Mistrzostwa Polski w Szachach I LIGA 2021"]
[Site "Szklarska Poreba"]
[Date "1899-12-30"]
[Round "8.13"]
[White "Skawinski, Arkadiusz"]
[Black "Stachowiak, Kamil"]
[Result "0-1"]
[WhiteTitle "FM"]
[BlackTitle "IM"]
[WhiteElo "2359"]
[BlackElo "2470"]

1. e4 c5 2. c3 Nf6 3. e5 Nd5 4. d4 cxd4 5. Nf3 e6 6. cxd4 d6 7. Bc4 Nc6 8. O-O
Be7 9. Qe2 O-O 10. Re1 Bd7 11. Nc3 Nxc3 12. bxc3 dxe5 13. dxe5 Qc7 14. Bd2 Rfd8
15. Bd3 Be8 16. Rad1 Rd5 17. Qe4 g6 18. h4 Rad8 19. Bc4 R5d7 20. Bb3 Na5 21. Nd4
Nxb3 22. axb3 Rd5 23. Rc1 b5 24. b4 Qc4 25. Bg5 Bxg5 26. hxg5 a5 27. bxa5 b4 28.
Nf5 Qxe4 29. Nh6+ Kf8 30. Rxe4 b3 31. Rb1 Rd1+ 32. Re1 Rxe1+ 33. Rxe1 Ba4 34.
a6 b2 0-1

[Event "Druzynowe Mistrzostwa Polski w Szachach I LIGA 2021"]
[Site "Szklarska Poreba"]
[Date "1899-12-30"]
[Round "8.14"]
[White "Dobrowolski, Piotr"]
[Black "Brodowski, Piotr"]
[Result "0-1"]
[WhiteTitle "IM"]
[BlackTitle "IM"]
[WhiteElo "2413"]
[BlackElo "2439"]

1. e4 d6 2. d4 Nf6 3. Nc3 g6 4. f4 Bg7 5. Bd3 Nc6 6. Nf3 Bg4 7. e5 Bxf3 8. gxf3
Nh5 9. Ne2 e6 10. h4 O-O 11. Be3 Ne7 12. Qd2 c5 13. exd6 Qxd6 14. dxc5 Qc7 15.
O-O-O Rad8 16. Rhg1 Nf5 17. Bf2 Nd4 18. Nxd4 Bxd4 19. Bxd4 Rxd4 20. Qe3 Qxc5 21.
Rg5 f5 22. Qxe6+ Kg7 23. Qe3 Qd6 24. Kb1 Nxf4 25. Rgg1 Rd8 26. Rge1 Rd7 27. Qe8
Nxd3 28. cxd3 Rxd3 29. Rc1 Rd2 30. h5 Qf6 31. Re5 Qb6 32. Re7+ Kh6 33. Qf8+ Kg5
34. f4+ Kg4 35. b3 Qd4 36. Rc2 Rd1+ 37. Rc1 Rxc1+ 0-1

[Event "Druzynowe Mistrzostwa Polski w Szachach I LIGA 2021"]
[Site "Szklarska Poreba"]
[Date "1899-12-30"]
[Round "8.15"]
[White "Luch, Michal"]
[Black "Ochedzan, Tymon"]
[Result "0-1"]
[WhiteTitle "IM"]
[BlackTitle "FM"]
[WhiteElo "2383"]
[BlackElo "2300"]

1. d4 Nf6 2. Bg5 c5 3. d5 Qb6 4. Nc3 Qxb2 5. Bd2 Qb6 6. e4 e6 7. Rb1 Qd8 8. Bc4
Be7 9. Qe2 O-O 10. d6 Bxd6 11. e5 Bxe5 12. Qxe5 d5 13. Be2 Nc6 14. Qg3 Nd4 15.
Bd1 e5 16. Nge2 Nf5 17. Qxe5 Re8 18. Qf4 d4 19. Nb5 a6 20. Nc7 Re4 21. Nxa8 Rxf4
22. Nxf4 b5 23. O-O Bb7 24. Re1 Bxa8 25. Re5 Nd6 26. Rxc5 Nfe4 27. Bb4 Nxc5 28.
Bxc5 Ne4 29. Bb4 Qg5 30. g3 Qf6 31. Bf3 g5 32. Re1 Qf5 33. Bxe4 Bxe4 34. Nh5 Bc6
35. Be7 Qh3 36. Nf6+ Kg7 37. Ne4 f5 38. Bf6+ Kg6 0-1

[Event "Druzynowe Mistrzostwa Polski w Szachach I LIGA 2021"]
[Site "Szklarska Poreba"]
[Date "1899-12-30"]
[Round "8.16"]
[White "Luberanski, Jakub"]
[Black "Butkiewicz, Lukasz"]
[Result "0-1"]
[WhiteTitle "FM"]
[BlackTitle "IM"]
[WhiteElo "2188"]
[BlackElo "2378"]

1. e4 c5 2. Nf3 e6 3. d4 cxd4 4. Nxd4 a6 5. Bd3 Qc7 6. O-O Nf6 7. Qe2 d6 8. c4
g6 9. Nc3 Bg7 10. Be3 Nbd7 11. f4 O-O 12. Rac1 b6 13. g4 Nc5 14. g5 Ng4 15. b4
Nxd3 16. Qxd3 Nxe3 17. Qxe3 Bb7 18. f5 exf5 19. exf5 Qxc4 20. f6 Rfe8 21. Qf2
Bf8 22. a3 Re5 23. h4 Rae8 24. Kh2 Re3 25. Nce2 Qd3 26. Qf4 Rh3+ 27. Kg1 Rxe2
28. Nxe2 Qxe2 0-1

[Event "Druzynowe Mistrzostwa Polski w Szachach I LIGA 2021"]
[Site "Szklarska Poreba"]
[Date "1899-12-30"]
[Round "8.17"]
[White "Mondrzycki, Bartlomiej"]
[Black "Kolasinski, Krzysztof"]
[Result "1-0"]
[WhiteTitle "I++"]
[BlackTitle "k"]
[WhiteElo "2180"]
[BlackElo "2112"]

1. Nf3 Nf6 2. c4 g6 3. Nc3 Bg7 4. e4 d6 5. d4 O-O 6. h3 e5 7. d5 a5 8. g4 Na6 9.
Be3 Nc5 10. Nd2 c6 11. Be2 a4 12. a3 Qa5 13. Kf1 Bd7 14. Kg2 cxd5 15. cxd5 b5
16. g5 Ne8 17. h4 Rb8 18. Na2 f5 19. Rc1 Rc8 20. f3 Rf7 21. Nb4 Bf8 22. Nd3 Nxd3
23. Bxd3 Ng7 24. Rxc8 Bxc8 25. exf5 gxf5 26. f4 Bb7 27. Kg3 Bxd5 28. Rf1 Ne6 29.
fxe5 f4+ 30. Bxf4 Nxf4 31. Rxf4 Rxf4 32. Kxf4 dxe5+ 33. Kg3 Qb6 34. Be4 Qe3+ 35.
Qf3 Qg1+ 36. Qg2 Qe3+ 37. Qf3 Qg1+ 38. Qg2 Qxg2+ 39. Kxg2 Bxe4+ 40. Nxe4 Kf7 41.
Nc3 b4 42. axb4 Bxb4 43. Nxa4 Kg6 44. Nc3 h6 45. gxh6 Kxh6 46. Kh3 Kh5 47. Ne4
Be1 48. Ng3+ Kg6 49. Kg4 Kf6 50. Ne4+ Kg6 51. h5+ Kh6 52. Ng5 Bf2 53. Nf7+ Kg7
54. Nxe5 Bd4 55. Nd3 Kf6 56. b3 Ke6 57. Kg5 Kd5 58. Nf4+ Ke4 59. Ne6 Be3+ 60.
Kg6 Kd3 61. Ng5 Kc3 62. h6 Kxb3 63. h7 Bd4 64. Ne6 Bh8 65. Kf7 Kc4 66. Kg8 1-0